000 01267cam a2200289 i 4500
001 11960106
003 EG-ScBUE
005 20250128101233.0
008 000331s2003 enk f b 001 0beng d
020 _a0747561699
020 _a9780747561699
040 _aDLC
_beng
_erda
_cDLC
_dDLC
_dEG-ScBUE
082 0 4 _a530.092
_222
_bOVE
100 1 _aOverbye, Dennis,
_d1944-
_eauthor.
_922801
245 1 0 _aEinstein in love :
_ba scientific romance /
_cDennis Overbye.
264 1 _aLondon :
_bBloomsBury,
_c2003.
300 _axv, 416 pages ;
_c24 cm
336 _2rdacontent
_atext
_btxt
337 _aunmediated
_2rdamedia
_bn
338 _avolume
_bnc
_2rdacarrier
504 _aIncludes bibliographical references and index.
600 1 7 _aEinstein, Albert,
_d1879-1955
_xRelations with women.
_2BUEsh
_922802
650 7 _aPhysicists
_vBiography.
_2BUEsh
_922803
655 _vReading book
942 _2ddc
_cBB
999 _c15052
_d15052